00612nam a22001697a 450000500170000001000150001702000270003203500140005903700140007308200130008710000250010024501160012526000450024127000670028630000260035350000630037920180529172112.0 aENG-123124 a9780199479344c1195.00 aEN-106656 bDBAD/PUB. a491.4547 aJha, Mithilesh Kumar aLanguage politics and public sphere in North India:c by Mithilesh Kumar Jhabmaking of the Maithili movement / aNew DelhibOxford University Pressc2018 a2/11Ground Floor, Ansari Road,Dariyaganj, b New Delhie110002 axvii, 341p.b22cm(Hb) aIt Includes appendix, bibliographical references and index